00460nam a2200133Ia 4500008004100000024004800041082001700089100005900106245005300165260002600218600003200244650003300276999001700309260210s9999 xx 000 0 und d a98A-010-CS, 98A-022-CS & 98A-032-CS a004.6072 BIL aSyed Bilal Murtaza, S.M. Adil Shiraz & Hammad Rais 0aSMS Interface Between Mobile Phones and Internet aKarachi:bUITU,c1998 aComputer System Engineering aBachelor of Engineering (BE) c32601d32601